000 01426nam a2200349Ia 4500
001 60849
003 CO-BoRNBP
005 20260324204659.0
007 ta
008 200115s2019 ck 000 0 spa d
020 _a9789585445390
040 _aCO-BoRNBP
_bspa
_erda
_cCO-BoRNBP
041 0 _aspa
084 _aN CHI8
100 1 _aChiziane, Paulina
_d1955-
_eautor
_969602
245 1 3 _aEl alegre canto de la perdiz
_cPaulina Chiziane ; traducción presentación y notas de Rodolfo Alpízar Castillo ; epílogo Nataniel Ngomane
250 _aEdición especial
264 1 _aBogotá
_bRoca
_c2019
300 _a345 páginas :
_b ilustraciones en blanco y negro ;
_c 24 cm.
336 _2rdacontent
_atexto
_btxt
337 _2rdamedia
_asin mediación
_bn
338 _2rdacarrier
_avolumen
_bnc
490 0 _aPlan Nacional de Lectura y Escritura Leer es mi Cuento / Ministerio de Cultura
500 _aRecomendado para público adulto \ Título original : O alegre canto da perdiz \ Incluye datos biográficos de la autora y el traductor
650 1 7 _aLiteratura mozambiqueña
_2LEMB
_ySiglo XX
_969603
650 1 7 _aNovela mozambiqueña
_2LEMB
_ySiglo XX
_969604
650 1 7 _aDiscriminacion racial
_2LEMB
_vNovela
_969605
650 1 7 _aFamilias negras
_2LEMB
_vNovela
_969606
700 1 _aAlpízar Castillo, Rodolfo
_etraductor
_969607
700 1 _aNgomane, Nataniel
_eepílogo
_969608
942 _2loc
_cBKLIT
999 _c60849
_d60849